000 02756nam a2200505 c 4500
003 BLK
005 20240611112156.0
008 180408b bul|||||r ||||||| ||bul||
010 _aKNG00084348000
020 _a978-954-742-134-9
_bиздат.: Слънце
040 _aBLK
041 _aBUL
_cBUL
080 _aИкономическо положение. Икономическа политика. Управление. Планиране. Производство. Услуги. Цени
_b338
_x(470)(092)(02.062)
_z338(470)(092)(02.062)
080 _aИкономическа психология. Икономическо поведение. Физиологични и психологични елементи. Интереси. Икономически дух
_b330.16
_x(470)(092)(02.062)
_z330.16(470)(092)(02.062)
080 _aВътрешна политика. Вж и 329
_b323
_x(470)(02.062)
_z323(470)(02.062)
080 _aБиографии
_b929
_x(470)
_z929(470)
100 1 _aХинщайн, Александър Евсеевич
_eпърви автор
_9137125
700 _aНиколова, Ива
_qМитева, Ива Николова
_9365667
139 _aХинщайн, Александър Евсеевич
_bХ 51
245 1 0 _aАбрамович и Березовски
_bТайният живот на олигарсите
_cАлександър Евсеевич Хинщайн; прев. от рус. Ива Николова.
257 _aRUS
260 София
_bСлънце
_c2008
_fСофия : Монт
300 _a668 с.
_c22 см
380 _a3
490 1 _aПоредица Свидетелства на времето
500 _aОриг. загл. Березовский и Абрамович. Олигархи с большой дороги / Александр Хинштейн. - Офс. изд.
600 1 4 _aБерезовски, Борис Абрамович
_9222628
600 1 4 _aАбрамович, Роман Аркадиевич
_9284944
650 4 _aПредприемачество - биографии
_9265780
650 4 _aРусия - вътрешна политика - популярна литература
_9252979
651 4 _aРусия
_9179465
653 _aмилиардери
653 _aпредприемачи
653 _aикономическо поведение
653 _aвътрешна политика
653 _aбиографии
653 _aРоман Абрамович
653 _aБорис Березовски
852 _aЦб 240432
856 4 _qpdf
_u
856 4 _qpdf
_u
942 _cKNG
_n0
_01
944 _aCR
_c12.06.2008
_k30550
_lКети Илиева
944 _aED
_c20.01.2010
_k
999 _c79866
_d79866